شئون الاوسط / (Record no. 8147)
[ view plain ]
| 000 -LEADER | |
|---|---|
| fixed length control field | 00751nac a22001811u 4500 |
| 008 - FIXED-LENGTH DATA ELEMENTS--GENERAL INFORMATION | |
| fixed length control field | 121218m20052007le ||||| |||| 00| 0 ara d |
| 022 ## - INTERNATIONAL STANDARD SERIAL NUMBER | |
| International Standard Serial Number | 10819408 : |
| 082 ## - DEWEY DECIMAL CLASSIFICATION NUMBER | |
| Classification number | 320.95605 |
| Item number | ش ؤ و |
| Edition number | 22 |
| 110 ## - MAIN ENTRY--CORPORATE NAME | |
| Corporate name or jurisdiction name as entry element | مركز الدراسات الاستراتيجية |
| 9 (RLIN) | 31733 |
| 245 ## - TITLE STATEMENT | |
| Title | شئون الاوسط / |
| Statement of responsibility, etc | مركز الدراسات الاستراتيجية. |
| 260 ## - PUBLICATION, DISTRIBUTION, ETC. (IMPRINT) | |
| Place of publication, distribution, etc | بيروت : |
| Name of publisher, distributor, etc | مركز الدراسات الاستراتيجية، |
| Date of publication, distribution, etc | 2005- 2007. |
| 300 ## - PHYSICAL DESCRIPTION | |
| Extent | 5 ع.، 223 ص. : |
| Dimensions | 32 سم. |
| 440 ## - SERIES STATEMENT/ADDED ENTRY--TITLE | |
| Title | شئون الاوسط |
| Number of part/section of a work | 118، 121، 123، 124، 125. |
| 9 (RLIN) | 31734 |
| 504 ## - BIBLIOGRAPHY, ETC. NOTE | |
| Bibliography, etc | يشتمل على ارجاعات ببليوجرافية. |
| 651 ## - SUBJECT ADDED ENTRY--GEOGRAPHIC NAME | |
| Geographic name | الشرق الاوسط |
| Relator term | سياسة |
| 9 (RLIN) | 31735 |
| 653 ## - INDEX TERM--UNCONTROLLED | |
| Resource For college | |
| 942 ## - ADDED ENTRY ELEMENTS (KOHA) | |
| Item type | Book - Borrowing |
| Call number prefix | 320.95605 ش ؤ و |
| Source of classification or shelving scheme | Dewey Decimal Classification |
| Withdrawn status | Lost status | Source of classification or shelving scheme | Damaged status | Not for loan | Koha collection | Location (home branch) | Sublocation or collection (holding branch) | Shelving location | Date acquired | Source of acquisition | Koha issues (times borrowed) | Koha full call number | Piece designation (barcode) | Koha date last seen | Price effective from | Koha item type | Public note |
|---|---|---|---|---|---|---|---|---|---|---|---|---|---|---|---|---|---|
| Dewey Decimal Classification | Alef-Baa | Central Library | Central Library | First floor | 25/02/2008 | Purchase | 320.95605 ش ؤ و | 000010046 | 15/07/2025 | 25/02/2008 | Book - Borrowing | ع. 118. | |||||
| Dewey Decimal Classification | Alef-Baa | Central Library | Central Library | First floor | 25/02/2008 | Purchase | 320.95605 ش ؤ و | 000010045 | 15/07/2025 | 25/02/2008 | Book - Borrowing | ع. 121. | |||||
| Dewey Decimal Classification | Alef-Baa | Central Library | Central Library | First floor | 25/02/2008 | Purchase | 320.95605 ش ؤ و | 000010044 | 15/07/2025 | 25/02/2008 | Book - Borrowing | ع. 124. | |||||
| Dewey Decimal Classification | Alef-Baa | Central Library | Central Library | First floor | 25/02/2008 | Purchase | 320.95605 ش ؤ و | 000010043 | 15/07/2025 | 25/02/2008 | Book - Borrowing | ع. 125. | |||||
| Dewey Decimal Classification | Alef-Baa | Central Library | Central Library | First floor | 25/02/2008 | Purchase | 320.95605 ش ؤ و | 000010042 | 15/07/2025 | 25/02/2008 | Book - Borrowing | ع. 123. |